As deliciosas férias de Beatriz (Record no. 62326)

MARC details
000 -LÍDER
campo de controle de tamanho fixo 00368 a2200157 4500
001 - NÚMERO DE CONTROLE
campo de controle 62326
020 ## - ISBN - INTERNATIONAL STANDARD BOOK NUMBER
ISBN - International Standard Book Number 9788580443264
040 ## - FONTE DA CATALOGAÇÃO
Instituição que transcreveu o registro Anchieta - Pituba
100 ## - ENTRADA PRINCIPAL--NOME PESSOAL
Nome pessoal Pernambuco, Carla
240 10 - TÍTULO UNIFORME
Título uniforme As deliciosas férias de Beatriz
Idioma da obra por
245 10 - TÍTULO
Título As deliciosas férias de Beatriz
300 ## - DESCRIÇÃO FÍSICA
Extensão 56
362 0# - DATAS DE PUBLICAÇÃO E/OU DESIGNAÇÃO SEQUENCIAL
Datas de publicação e/ou designação sequencial 2012
650 #4 - ASSUNTO--TERMO TÓPICO
Cabeçalho tópico ou nome geográfico Literatura juvenil
942 ## - ELEMENTOS DE ENTRADA ADICIONADOS (KOHA)
Tipo de material Koha Livros
Holdings
Situação do descarte Situação das perdas Situação física Não pode ser emprestado Biblioteca de origem Biblioteca atual Data de aquisição Total de empréstimos Número de chamada completo Código de barras Data de último acesso Data do preço efetivo Tipo de material Koha Data do último empréstimo
        Canadian School of Niterói - Itacoatiara Canadian School of Niterói - Itacoatiara 09/02/2024 2 PER A31460 11/07/2024 09/02/2024 Livros 04/07/2024
        Colégio Anchieta - Pituba Colégio Anchieta - Pituba 21/11/2023   LJ 028.5 P452d PER DEL 15126/PIT 21/11/2023 21/11/2023 Livros